Statistiques concernant Albums par cover - rap américain

Cliquez ici pour prendre le quiz!

Statistiques générales

  • Ce quiz a été pris 203 fois
  • Le résultat moyen est 8 sur 16

Statistiques - réponses

Réponse% Correct
ASTROWORLD
87%
Views
66%
All eyez on me
64%
Doggystyle
58%
Get Rich or Die Tryin
58%
Graduation
58%
Culture
57%
17
53%
The Carter III
52%
The Chronic
49%
Watch the Throne
43%
The Black Album
39%
DS2
37%
Ready to die
30%
The Marshall Mathers LP
22%
21 Gang
3%

Distribution des résultats

Percentile par nombre de réponses

% des personnes avec chaque résultat

Votre développement - résultats

Vous n’avez pas pris ce quiz